Borussia Dortmund scorers in Bundesliga 2014-2015 - Statistics

General Stats
  • This quiz has been taken 281 times
    252 since last reset
  • The average score is 7 of 12
Answer Stats
Players Goals % Correct
Marco Reus 7
98%
Pierre-Emerick Aubameyang 16
94%
Mats Hummels 2
86%
Shinji Kagawa 5
64%
Ilkay Gündogan 3
62%
Neven Subotic 2
57%
Henrikh Mkhitaryan 3
54%
Nuri Sahin 1
50%
Sokratis Papastathopoulos 1
49%
Adrian Ramos 2
45%
Ciro Immobile 3
45%
Erik Durm 1
34%
No matching quizzes found
Score Distribution
Percent of People with Each Score
Percentile by Number Answered
Your Score History
You have not taken this quiz since the last reset